| 000 | 01001nam a2200277 4500 | ||
|---|---|---|---|
| 003 | OSt | ||
| 005 | 20260601193840.0 | ||
| 008 | 260508b1974 cn a|||| |||| 00| 0 eng d | ||
| 040 |
_aICI _bspa _cICI |
||
| 041 | 1 |
_aeng _afre |
|
| 050 | 1 |
_aHD9999.D452 _bA73 1974 |
|
| 100 | 1 | _aArcher, L. Bruce, | |
| 245 | 1 |
_aDesign awareness and planned creativity in industry : _bconnaissance du design et la créativité planifiée dans l'industrie / _cL. Bruce Archer. |
|
| 264 |
_bDepartment of Industry, Trade and Commerce and the Design Council of Great Britain, _c1974. _a[London] : |
||
| 300 |
_a112 páginas _c23cm. |
||
| 336 |
_atexto _2rdacontent |
||
| 337 |
_asin medio _2rdamedia |
||
| 338 |
_avolumen _2rdacarrier |
||
| 650 | _aDiseño industrial. | ||
| 650 | _aCreatividad en la industria. | ||
| 650 | _aInnovaciones tecnológicas. | ||
| 650 | _aDesarrollo de productos. | ||
| 650 |
_aIndustria manufacturera _xInnovaciones tecnológicas. |
||
| 650 | _aDiseño de productos. | ||
| 942 |
_2lcc _cB _n1 |
||
| 999 |
_c21421 _d21421 |
||